| 000 -LEADER |
| fixed length control field |
02176cam a2200457 a 4500 |
| 001 - CONTROL NUMBER |
| control field |
14774895 |
| 003 - CONTROL NUMBER IDENTIFIER |
| control field |
OSt |
| 005 - DATE AND TIME OF LATEST TRANSACTION |
| control field |
20170105102906.0 |
| 008 - FIXED-LENGTH DATA ELEMENTS--GENERAL INFORMATION |
| fixed length control field |
070320s2008 cau b s001 0 eng |
| 010 ## - LIBRARY OF CONGRESS CONTROL NUMBER |
| LC control number |
2007011571 |
| 015 ## - NATIONAL BIBLIOGRAPHY NUMBER |
| National bibliography number |
GBA770628 |
| Source |
bnb |
| 016 7# - NATIONAL BIBLIOGRAPHIC AGENCY CONTROL NUMBER |
| Record control number |
013833541 |
| Source |
Uk |
| 020 ## - INTERNATIONAL STANDARD BOOK NUMBER |
| International Standard Book Number |
9780520252219 (cloth : alk. paper) |
| 020 ## - INTERNATIONAL STANDARD BOOK NUMBER |
| International Standard Book Number |
0520252217 (cloth : alk. paper) |
| 035 ## - SYSTEM CONTROL NUMBER |
| System control number |
(OCoLC)ocm86117739 |
| 035 ## - SYSTEM CONTROL NUMBER |
| System control number |
(OCoLC)86117739 |
| 040 ## - CATALOGING SOURCE |
| Original cataloging agency |
DLC |
| Transcribing agency |
DLC |
| Modifying agency |
BAKER |
| -- |
BTCTA |
| -- |
UKM |
| -- |
C#P |
| -- |
DLC |
| 041 1# - LANGUAGE CODE |
| Language code of text/sound track or separate title |
eng |
| Language code of original |
heb |
| 043 ## - GEOGRAPHIC AREA CODE |
| Geographic area code |
aw----- |
| -- |
a-is--- |
| 050 00 - LIBRARY OF CONGRESS CALL NUMBER |
| Classification number |
DS119.7 |
| Item number |
.C632513 2008 |
| 082 00 - DEWEY DECIMAL CLASSIFICATION NUMBER |
| Classification number |
956.9404 |
| Edition number |
22 |
| Author Mark |
COH 2008 |
| 100 1# - MAIN ENTRY--PERSONAL NAME |
| Personal name |
Cohen, Hillel. |
| 240 10 - UNIFORM TITLE |
| Uniform title |
Tseva ha-tselalim. |
| Language of a work |
English |
| 245 10 - TITLE STATEMENT |
| Title |
Army of shadows : |
| Remainder of title |
Palestinian collaboration with Zionism, 1917-1948 / |
| Statement of responsibility, etc. |
Hillel Cohen ; translated by Haim Watzman. |
| 260 ## - PUBLICATION, DISTRIBUTION, ETC. |
| Place of publication, distribution, etc. |
Berkeley : |
| Name of publisher, distributor, etc. |
University of California Press, |
| Date of publication, distribution, etc. |
c2008. |
| 300 ## - PHYSICAL DESCRIPTION |
| Extent |
viii, 344 p. ; |
| Dimensions |
24 cm. |
| 500 ## - GENERAL NOTE |
| General note |
Translated from the Hebrew. |
| 504 ## - BIBLIOGRAPHY, ETC. NOTE |
| Bibliography, etc. note |
Includes bibliographical references (p. 317-325) and index. |
| 505 0# - FORMATTED CONTENTS NOTE |
| Formatted contents note |
Utopia and its collapse -- Who is a traitor? -- We, the collaborators -- Old collaborators, new traitors -- Unity ends -- The "traitors" counterattack -- World war, local calm -- Prelude to war -- Treason and defeat: the 1948 War. |
| 650 #0 - SUBJECT ADDED ENTRY--TOPICAL TERM |
| Topical term or geographic name entry element |
Jewish-Arab relations |
| General subdivision |
History |
| Chronological subdivision |
1917-1948. |
| 650 #0 - SUBJECT ADDED ENTRY--TOPICAL TERM |
| Topical term or geographic name entry element |
Collaborationists. |
| 650 #0 - SUBJECT ADDED ENTRY--TOPICAL TERM |
| Topical term or geographic name entry element |
Palestinian Arabs |
| General subdivision |
Politics and government |
| Chronological subdivision |
20th century. |
| 650 #0 - SUBJECT ADDED ENTRY--TOPICAL TERM |
| Topical term or geographic name entry element |
Zionism |
| General subdivision |
History |
| Chronological subdivision |
20th century. |
| 650 #0 - SUBJECT ADDED ENTRY--TOPICAL TERM |
| Topical term or geographic name entry element |
Jews |
| Geographic subdivision |
Palestine |
| General subdivision |
Politics and government |
| Chronological subdivision |
20th century. |
| 856 41 - ELECTRONIC LOCATION AND ACCESS |
| Materials specified |
Table of contents only |
| Uniform Resource Identifier |
<a href="http://www.loc.gov/catdir/toc/ecip0713/2007011571.html">http://www.loc.gov/catdir/toc/ecip0713/2007011571.html</a> |
| 856 42 - ELECTRONIC LOCATION AND ACCESS |
| Materials specified |
Contributor biographical information |
| Uniform Resource Identifier |
<a href="http://www.loc.gov/catdir/enhancements/fy0829/2007011571-b.html">http://www.loc.gov/catdir/enhancements/fy0829/2007011571-b.html</a> |
| 856 42 - ELECTRONIC LOCATION AND ACCESS |
| Materials specified |
Publisher description |
| Uniform Resource Identifier |
<a href="http://www.loc.gov/catdir/enhancements/fy0829/2007011571-d.html">http://www.loc.gov/catdir/enhancements/fy0829/2007011571-d.html</a> |
| 906 ## - LOCAL DATA ELEMENT F, LDF (RLIN) |
| a |
7 |
| b |
cbc |
| c |
orignew |
| d |
1 |
| e |
ecip |
| f |
20 |
| g |
y-gencatlg |
| 942 ## - ADDED ENTRY ELEMENTS (KOHA) |
| Source of classification or shelving scheme |
|
| Koha item type |
Book |